Statistics for TobyMac Song Lyrics

Click here to take the quiz!

General Stats

  • This quiz has been taken 48 times
  • The average score is 8 of 17

Answer Stats

HintAnswer% Correct
It may be midnight or midday
It's never_____, never late
(Help is on The Way)
Early
94%
When love broke thru
You found me in the darkness
Wanderin' thru the ____
(Love Broke Thru)
Desert
81%
I'd be chasin' every breeze that blows my way
I'd be building my ____ just to watch it fade away
(Me Without You)
Kingdom
72%
I don't want to ____ the whole world and lose my soul
Don't wanna walk away let me hear the people say
(Lose My Soul)
Gain
58%
Look into the eyes of the _______
Watch 'em come alive as soon as you speak hope
(Speak Life)
Brokenhearted
53%
On my____ days
When I'm losing faith
(I Just Need You)
Darkest
53%
I see You in every little thing, all day
No matter where I go I know Your love is _____ me
(Everything)
Finding
53%
Lights shine bright everywhere we go
Music for the people to ______ the soul
(Lights Shine Bright)
Illuminate
53%
I was made just for you, made to ____ you
I was made to love and be loved by you?
(Made to Love You)
Adore
44%
Head down as I ______ this clock
The hours roll, they never stop
(Promised Land)
Punch
44%
Is it just across the ____
Or a city in the stars?
(21 Years)
Jordan
39%
Through the fog there is hope in the distance
From _______ to third world missions
(City on Our Knees)
Cathedrals
33%
I know this road is gettin' hard
I heard you say it's ______
(See the Light)
Overwhelming
25%
Life ain't got no ______
We all broken people
The only road to found is lost
(Scars Come With Livin')
Sequel
25%
Whisper a prayer like there ain't no tomorrow
Take a breath, and I exhale _____
(The Elements)
Slow
25%
Spinning outta control in this ______
Now I'm sittin' shotgun, Jesus take the wheel
(Backseat Driver)
Coupe de Ville
19%
And if _____ was a people, I'd be the king
So cold to what a brand new day could bring
(Edge of My Seat)
Jaded
14%

Score Distribution

Percentile by Number Answered

Percent of People with Each Score

Your Score History

You have not taken this quiz